| 000 | 00468nam a2200169 4500 | ||
|---|---|---|---|
| 001 | 140131 | ||
| 003 | ES-MaACL | ||
| 005 | 20230906200019.0 | ||
| 007 | t| | ||
| 008 | 070214s1932 fr r ||||1| fre d | ||
| 100 | 1 |
_aSee, Henri. _9177592 |
|
| 245 | 1 | 0 |
_aScience et Philosophie d'après la doctrina de M. Emile Meyerson / _cHenri Sée. |
| 260 |
_aParis : _bFélix Alcan, _c1932. |
||
| 300 |
_a203 p. ; _c19 cm. |
||
| 852 |
_aES-MaACL _jF-13887 |
||
| 999 |
_c140131 _d140131 |
||